LEADER 00439nab a2200145 i 4500 001 000000275252 003 CaOOAMICUS 005 20180831165008.0 008 180831n xx uu u0 0und r 013 $a24421 040 $aSeMil$bita 245 10$a[vedi periodico]. 500 $aGennaio-Aprile 2011. 773 0 $tReligione e società.$dPisa ; Roma : Fabrizio Serra, copyr. 2011.$w()201747 996 $6245$a[vedi periodico]$9(OLS)http://semarc/title/309439 LEADER 01189nam a2200277 i 4500 001 000000048482 003 CaOOAMICUS 005 20101004000000.0 008 101004s1996 sz u000 u mul u 013 $a19652 020 $a3-7278-1054-8 020 $a3-525-53783-2 040 $aSeMil$bita 100 1 $aRoulin, Gilles <1962->.$0(OLS)http://semarc/name/1020 245 10$aTraduction et commentaire. 300 $aXX, 409 p. 490 0 $aOrbis Biblicus et Orientalis ;$v147./ 1 650 4$aEgitto antico - Religione.$0(OLS)http://semarc/subject/1920 773 0 $aRoulin, Gilles <1962->$tLivre de la Nuit.$dFribourg (Suisse) : Éditions Universitaires ; Göttingen : Vandenhoeck & Ruprecht, 1996.$kOrbis Biblicus et Orientalis$g1$w()1169 830 0$aOrbis Biblicus et Orientalis ;$v147./ 1.$0(OLS)http://semarc/title/283 850 $aSeMil 852 $aSeMil$W1$xVenegono$y1$m2U VI 347/1$j14637$B14637$CSeMilBibl$Z2$F14637 $81 961 $aAcquisto: Casa editrice 996 $6020$a3-7278-1054-8$9(OLS)http://semarc/number/21556 996 $6020$a3-525-53783-2$9(OLS)http://semarc/number/21557 996 $6245$aTraduction et commentaire$9(OLS)http://semarc/title/73394